Kautilyaメs arthsastra : The wonder it was & the wonder it remai (Record no. 98099)

000 -LEADER
fixed length control field 00391pab a2200157 454500
008 - FIXED-LENGTH DATA ELEMENTS--GENERAL INFORMATION
fixed length control field 180718b2012 xxu||||| |||| 00| 0 eng d
100 ## - MAIN ENTRY--PERSONAL NAME
Personal name nsKhanduri, Chandra
245 ## - TITLE STATEMENT
Title Kautilyaメs arthsastra : The wonder it was & the wonder it remai
260 ## - PUBLICATION, DISTRIBUTION, ETC.
Date of publication, distribution, etc. 2012
300 ## - PHYSICAL DESCRIPTION
Extent yap.555-56
362 ## - DATES OF PUBLICATION AND/OR SEQUENTIAL DESIGNATION
Dates of publication and/or sequential designation Oct-Dec
650 ## - SUBJECT ADDED ENTRY--TOPICAL TERM
Topical term or geographic name entry element B.Kautil
773 ## - HOST ITEM ENTRY
Main entry heading USI Journal
908 ## - PUT COMMAND PARAMETER (RLIN)
Put command parameter 4
909 ## -
-- 98100
Holdings
Withdrawn status Lost status Damaged status Not for loan Permanent Location Current Location Date acquired Serial Enumeration / chronology Barcode Date last seen Price effective from Koha item type
        Indian Institute of Public Administration Indian Institute of Public Administration 2018-07-19 Volume no: 142, Issue no: 590 AR98560 2018-07-19 2018-07-19 Articles

Powered by Koha